| 000 | 00838nam a2200253 i 4500 | ||
|---|---|---|---|
| 003 | IT-RoINE | ||
| 005 | 20190114055912.0 | ||
| 008 | 050606s1986 sp af |r |001|pdspa|d | ||
| 020 | _a8470394703 | ||
| 040 |
_aUPSA _cesslup IT-RoINE _dIT-RoINE |
||
| 100 | 1 |
_aSem Tob de Carrión, _923137 _dca. 1290-1369 |
|
| 245 | 1 | 0 |
_aProverbios morales / _cSem Tob ; edición, introducción y notas de Sanford Shepard. |
| 260 |
_aMadrid : _bCastalia, _c1986. |
||
| 300 |
_a269 p., [4] p. de lám. : _bil. ; _c19 cm. |
||
| 336 |
_2rdacontent _atext |
||
| 337 |
_2rdamedia _aunmediated |
||
| 338 |
_2rdacarrier _avolume |
||
| 490 | 1 |
_aClásicos Castalia ; _v149 |
|
| 500 | _aIncluye índice. | ||
| 504 | _aBibliografía: p. 69-72. | ||
| 700 | 1 |
_aShepard, Sanford, _926513 _d1928- |
|
| 830 | 0 |
_934162 _aClásicos Castalia ; _v149 |
|
| 942 | _cMTS | ||
| 999 |
_c28390 _d28390 |
||